Принцесса Греза (Запись № 11684992)

Подробности
000 -МАРКЕР
контрольное поле 03715ncm0a22005771 4500
001 - ИДЕНТИФИКАТОР ЗАПИСИ
контрольное поле RU\NLR\ONIZ\223850
005 - ИДЕНТИФИКАТОР ВЕРСИИ
контрольное поле 20250626124424.0
035 ## - ДРУГИЕ СИСТЕМНЫЕ НОМЕРА
Идентификатор записи RU\NLR\ONIZ\SOPHY\5000004859\20180726150654
035 ## - ДРУГИЕ СИСТЕМНЫЕ НОМЕРА
Идентификатор записи (NLR Aleph) 011762657
071 20 - ИЗДАТЕЛЬСКИЙ НОМЕР
Номер, присвоенный агентством Б. 49
100 ## - ДАННЫЕ ОБЩЕЙ ОБРАБОТКИ
Данные общей обработки 20180726d1899 |||y0rusy50 ca
101 0# - ЯЗЫК РЕСУРСА
Язык текста, звукозаписи и т.д. русский
102 ## - СТРАНА ПУБЛИКАЦИИ ИЛИ ПРОИЗВОДСТВА
Страна публикации российская федерация
125 ## - ПОЛЕ КОДИРОВАННЫХ ДАННЫХ: ЗВУКОЗАПИСИ И НОТНЫЕ ИЗДАНИЯ
Форма изложения нотного текста cx
128 ## - ПОЛЕ КОДИРОВАННЫХ ДАННЫХ: МУЗЫКАЛЬНАЯ ФОРМА, ТОНАЛЬНОСТЬ И ЛАД
Музыкальная форма op
135 ## - ПОЛЕ КОДИРОВАННЫХ ДАННЫХ: ЭЛЕКТРОННЫЕ РЕСУРСЫ
Кодированные данные для электронного ресурса crmn mmmanaba
145 0# - ПОЛЕ КОДИРОВАННЫХ ДАННЫХ: СРЕДСТВО ИСПОЛНЕНИЯ МУЗЫКАЛЬНОГО ПРОИЗВЕДЕНИЯ (УСТАРЕВШЕЕ)
Тип средства исполнения c
200 1# - ЗАГЛАВИЕ И СВЕДЕНИЯ ОБ ОТВЕТСТВЕННОСТИ
Основное заглавие Принцесса Греза
Общее обозначение материала Ноты
Сведения, относящиеся к заглавию лирическая опера в 4 действиях Эд. Ростана - Т. Л. Щепкиной-Куперник
-- ор. 31
Первые сведения об ответственности музыка Ю. Блейхмана
Последующие сведения об ответственности переложение для пения и фортепиано М. Липпольда
208 ## - ОБЛАСТЬ СПЕЦИФИЧЕСКИХ СВЕДЕНИЙ: НОТНЫЕ ИЗДАНИЯ
Форма изложения нотного текста [Клавир]
210 ## - ПУБЛИКАЦИЯ, РАСПРОСТРАНЕНИЕ И ДР.
Место издания, распространения и т.д. С.-Петербург
Имя издателя, распространителя и т. д. Нотопечатня П. П. Сойкина
-- Склад издания у И. Юргенсона
Дата издания, распространения и т.д. 1899
215 ## - ФИЗИЧЕСКАЯ ХАРАКТЕРИСТИКА
Специфическое обозначение материала и объем [6], 461 с.
Другие сведения о физической характеристике ил.
Размеры 29 см
300 ## - ОБЩИЕ ПРИМЕЧАНИЯ
Текст примечания На авантит.: Посвящ. Ивану Александровичу Всеволожскому
300 ## - ОБЩИЕ ПРИМЕЧАНИЯ
Текст примечания Обл. на фр. яз., украшена цв. гравюрой
300 ## - ОБЩИЕ ПРИМЕЧАНИЯ
Текст примечания На тит. л.: Собственность автора
313 ## - ПРИМЕЧАНИЯ, ОТНОСЯЩИЕСЯ К ТЕМАТИЧЕСКОМУ ДОСТУПУ
Текст примечания Систематизация документа проведена по изданию - Методика классифицирования музыкальных произведений (нотных изданий) по таблицам Библиотечно-библиографических классификаций : метод. рекомендации / Гос. б-ка СССР им. В.И. Ленина.- М., 1977. Индексу ББК методических рекомендаций присваивается код ББК для научных библиотек - LBC/SL
325 ## - ПРИМЕЧАНИЕ О КОПИИ
Текст примечания Копия доступна в Электрон. б-ке РНБ
604 ## - ИМЯ И ЗАГЛАВИЕ КАК ПРЕДМЕТ
Связываемые данные 700#1$aРостан$gЭдмон$bЭ.$f1868-1918
-- 50010$aПринцесса Греза$xМузыкальные интерпретации
Имя лица Ростан, Эдмон (1868-1918)
Заглавие Принцесса Греза
Тематический подзаголовок Музыкальные интерпретации
606 1# - НАИМЕНОВАНИЕ ТЕМЫ КАК ПРЕДМЕТ
Наименование темы Опера русская
Хронологический подзаголовок 19-20 в.
Код системы nlr_sh
686 ## - ИНДЕКСЫ ДРУГИХ КЛАССИФИКАЦИЙ
Индекс Щ971(28)Фп
Издание LBC/SL
Код системы
700 #1 - ИМЯ ЛИЦА - ПЕРВИЧНАЯ ОТВЕТСТВЕННОСТЬ
Системный номер авторитетной/нормативной записи z01790
Начальный элемент ввода Блейхман
Часть имени, кроме начального элемента ввода Ю. И.
Даты 1868-1909
Расширение инициалов личного имени Юлий Иванович
Код отношения Композитор
Графика поля Кириллица
702 #1 - ИМЯ ЛИЦА - ВТОРИЧНАЯ ОТВЕТСТВЕННОСТЬ
Системный номер авторитетной/нормативной записи z10790
Начальный элемент ввода Ростан
Часть имени, кроме начального элемента ввода Э.
Даты 1868-1918
Расширение инициалов личного имени Эдмон
Код отношения Лирик
702 #1 - ИМЯ ЛИЦА - ВТОРИЧНАЯ ОТВЕТСТВЕННОСТЬ
Системный номер авторитетной/нормативной записи z11790
Начальный элемент ввода Щепкина-Куперник
Часть имени, кроме начального элемента ввода Т. Л.
Даты 1874-1952
Расширение инициалов личного имени Татьяна Львовна
Код отношения Лирик
Графика поля Кириллица
702 #1 - ИМЯ ЛИЦА - ВТОРИЧНАЯ ОТВЕТСТВЕННОСТЬ
Системный номер авторитетной/нормативной записи z12790
Начальный элемент ввода Липпольд
Часть имени, кроме начального элемента ввода М. К.
Даты 1866 - ок. 1930
Расширение инициалов личного имени Максимилиан Карлович
Код отношения Аранжировщик, Оркестровщик, Реализатор генерал-баса (редуцированной нотации)
Графика поля Кириллица
702 #1 - ИМЯ ЛИЦА - ВТОРИЧНАЯ ОТВЕТСТВЕННОСТЬ
Код отношения Объект посвящения
Графика поля Кириллица
Материалы, к которым относится поле rus
Начальный элемент ввода Всеволожский
Часть имени, кроме начального элемента ввода И. А.
Даты 1835-1909
Расширение инициалов личного имени Иван Александрович
Системный номер авторитетной/нормативной записи 227826
Идентификатор авторитетной/нормативной записи RU\NLR\AUTH\770227882
790 #1 - ИМЯ ЛИЦА - АЛЬТЕРНАТИВНАЯ ФОРМА
Системный номер авторитетной/нормативной записи z01700
Начальный элемент ввода Blejchmann
Часть имени, кроме начального элемента ввода J. I.
Даты 1868-1910
Расширение инициалов личного имени Julij Ivanovič
Код отношения Композитор
Графика поля Латинская
790 #1 - ИМЯ ЛИЦА - АЛЬТЕРНАТИВНАЯ ФОРМА
Системный номер авторитетной/нормативной записи z10702
Начальный элемент ввода Rostand
Часть имени, кроме начального элемента ввода E.
Даты 1868-1918
Расширение инициалов личного имени Edmond
Код отношения Лирик
Графика поля Латинская
790 #1 - ИМЯ ЛИЦА - АЛЬТЕРНАТИВНАЯ ФОРМА
Системный номер авторитетной/нормативной записи z11702
Начальный элемент ввода Ščepkina-Kupernik
Часть имени, кроме начального элемента ввода T. L.
Даты 1874-1952
Расширение инициалов личного имени Tatjana L`vovna
Код отношения Лирик
Графика поля Латинская
790 #1 - ИМЯ ЛИЦА - АЛЬТЕРНАТИВНАЯ ФОРМА
Системный номер авторитетной/нормативной записи z12702
Начальный элемент ввода Lippold
Часть имени, кроме начального элемента ввода M. K.
Даты 1866 - ок. 1930
Расширение инициалов личного имени Maksimilian Karlovič
Код отношения Аранжировщик, Оркестровщик, Реализатор генерал-баса (редуцированной нотации)
Графика поля Латинская
790 #1 - ИМЯ ЛИЦА - АЛЬТЕРНАТИВНАЯ ФОРМА
Системный номер авторитетной/нормативной записи z13702
Начальный элемент ввода Vsevoložskij
Часть имени, кроме начального элемента ввода I. A.
Даты 1835-1909
Расширение инициалов личного имени Ivan Aleksandrovič
Код отношения Объект посвящения
Графика поля Латинская
801 #0 - ИСТОЧНИК ЗАПИСИ
Страна российская федерация
Организация NLR
Дата составления 20180726
Правила каталогизации PSBO
801 #1 - ИСТОЧНИК ЗАПИСИ
Страна российская федерация
Организация NLR
Дата составления 20180726
Источник данных rusmarc
801 #2 - ИСТОЧНИК ЗАПИСИ
Страна российская федерация
Организация NLR
Дата составления 20180814
852 ## - МЕСТОНАХОЖДЕНИЕ И ШИФР ХРАНЕНИЯ
Идентификатор организации NLR
Наименование фонда или коллекции (Sub-Location Identifier) М
Шифр хранения (Call Number) 346-3/Б.688
Страна
Номер экземпляра 1
942 ## - ДОПОЛНИТЕЛЬНЫЕ ЭЛЕМЕНТЫ ЗАПИСИ (АБИС)
Тип экземпляра АБИС Ноты
980 ## - КОЛЛЕКЦИЯ
Название коллекции Национальная библиография
980 ## - КОЛЛЕКЦИЯ
Название коллекции Отдел нот и звукозаписей
981 24 - КОЛЛЕКЦИЯ ЭЛЕКТРОННОЙ БИБЛИОТЕКИ
Название коллекции Нотные издания и аудиозаписи
Название подколлекции Оперы, оперетты
Экземпляры
Тип экземпляра Дата поступления Библиотека постоянного хранения Библиотека текущего хранения Место хранения Шифр хранения Статус не для выдачи
Ноты 26.07.2018 РНБ (Московский) РНБ (Московский) Фонд нот и звукозаписей 346-3/Б.688 346-3/Б.688